000
00519nam a2200181Ia 4500
008
090123s9999 xx 000 0 und d
082
_b
30638
100
_a
गुंदेकर श्रीराम
245
_a
लगाम
250
_a
1
260
_b
दिलिपराज प्रकाशन
300
_a
204
600
_a
गुंदेकर श्रीराम
630
_a
लगाम
700
_a
गुंदेकर श्रीराम
730
_a
लगाम
942
_c
BOOK
999
_c
66890
_d
66890